Compétences interculturelles dans les négociations commerciales bakalárska práca

Salvato in:
Dettagli Bibliografici
Autore principale: Lazová, Lenka
Ente Autore: Fakulta aplikovaných jazykov EU v Bratislave. Katedra románskych a slovanských jazykov
Altri autori: Mateašáková, Monika
Natura: Libro
Lingua:francese
Pubblicazione: Bratislava 2017
Tags: Aggiungi Tag
Nessun Tag, puoi essere il primo ad aggiungerne!!

MARC

LEADER 00000nbm a2200000 4500
001 0233650
005 20180213095302.0
041 0 |a fre 
044 |a SK 
245 1 0 |a Compétences interculturelles dans les négociations commerciales  |b bakalárska práca  |c Lenka Lazová ; školiteľ: Monika Mateašáková 
264 1 |a Bratislava  |c 2017 
300 |a 45 s. 
100 1 |a Lazová, Lenka 
700 1 |a Mateašáková, Monika 
710 2 |a Fakulta aplikovaných jazykov EU v Bratislave. Katedra románskych a slovanských jazykov